| 000 | 00488cam a22001217a 4500 | ||
|---|---|---|---|
| 008 | 180718b1982 xxu||||| |||| 00| 0 eng d | ||
| 082 | _aQ45x5434 In2 | ||
| 100 | _aMishra, S.N. | ||
| 245 |
_aEvaluation of training of rural youth self- employment(trysem) in Rajasthan(a case study of Dholpur and Rajagkhera blocks in the district of Bharatpur) _cby S.N. Mishra and B.M. Verma |
||
| 260 |
_aDelhi _bIndian Institute of Public Administration _c1982 |
||
| 300 | _a140+p. | ||
| 700 | _aVerma, B.M. | ||
| 999 |
_c499618 _d499618 |
||